Kvantitatívne uvoľňovanie menovej politiky bakalárska práca

Enregistré dans:
Détails bibliographiques
Auteur principal: Šedzmáková, Marianna
Collectivité auteur: Podnikovohospodárska fakulta EU so sídlom v Košiciach. Katedra ekonómie
Autres auteurs: Meheš, Marek
Format: Livre
Langue:slovaque
Publié: Košice 2017
Tags: Ajouter un tag
Pas de tags, Soyez le premier à ajouter un tag!

MARC

LEADER 00000nbm a2200000 4500
001 0231669
005 20240827092515.8
041 0 |a slo 
044 |a SK 
245 1 0 |a Kvantitatívne uvoľňovanie menovej politiky  |b bakalárska práca  |c Marianna Šedzmáková ; školiteľ: Marek Meheš 
264 1 |a Košice  |c 2017 
300 |a 52 s. 
100 1 |a Šedzmáková, Marianna 
700 1 |a Meheš, Marek 
710 2 |a Podnikovohospodárska fakulta EU so sídlom v Košiciach. Katedra ekonómie